000 00819nam a2200229 a 4500
005 20250212063727.0
008 060302s2004 mx r 000 0 spa d
020 _a8449315646
035 _aUPN01000142921
049 _aCG
050 4 _aHQ29
_bB4.6
100 1 _aBerger, Alexandra
245 1 1 _a¿Por qué limitarse a soñarlo? :
_blo que las mujeres quieren saber realmente sobre el sexo /
_cAlexandra Berger, Andrea Ketterer ; tr. María Dolores Abalos.
260 _aBarcelona, Esp. :
_bPaidós,
_c2004.
300 _a325 p.
440 0 _aDivulgación/Autoayuda ;
_v212
534 _pTítulo original:
_tWarum nur davon träumen? was frauen über sex wissen wollen
650 4 _aMujeres
_xConducta sexual
_98809
650 4 _aEducación sexual
_97445
700 1 _aKetterer, Andrea,
_ecoaut.
905 _aLibro
999 _c115068
_d115068